|
|
|
|
| LEADER |
00000cam a2200000 7i4500 |
| 001 |
0000002422 |
| 005 |
20151222.0 |
| 008 |
070712 |
| 020 |
|
|
|a 9830234932(set)
|
| 020 |
|
|
|a 9830234967
|
| 090 |
0 |
0 |
|a JF
|b AD ENG (2768)
|
| 100 |
0 |
|
|a Kumara Velu
|
| 245 |
1 |
4 |
|a The case of the missing wallet
|c Kumara Velu
|
| 260 |
|
|
|a Selangor :
|b Pustaka Cita Tinggi ,
|c 2006
|
| 440 |
|
4 |
|a The mystery and suspense series
|
| 500 |
|
|
|a Children ages 7-9 years old (orange)
|
| 650 |
|
0 |
|a Adventure
|
| 650 |
|
0 |
|a Junior fiction
|x English
|x Languages
|
| 710 |
0 |
|
|a Title
|
| 999 |
|
|
|a 0000927194
|b Book
|c Children Collection
|e Cawangan Tangkak
|
| 999 |
|
|
|a 0000963116
|b Book
|c Children Collection
|e Cawangan Taman Universiti
|
| 999 |
|
|
|a 0000963117
|b Book
|c Children Collection
|e Cawangan Segamat
|
| 999 |
|
|
|a 0000963118
|b Book
|c Children Collection
|e Cawangan Segamat
|
| 999 |
|
|
|a 0000968342
|b Book
|c Children Collection
|e Perbadanan Perpustakaan Awam Johor
|
| 999 |
|
|
|a 0000968343
|b Book
|c Children Collection
|e Perbadanan Perpustakaan Awam Johor
|
| 999 |
|
|
|a 0000968344
|b Book
|c Children Collection
|e Perbadanan Perpustakaan Awam Johor
|
| 999 |
|
|
|a 0000968345
|b Book
|c Children Collection
|e Perbadanan Perpustakaan Awam Johor
|
| 999 |
|
|
|a 0000968346
|b Book
|c Children Collection
|e Cawangan Muar
|